Fenerbahçe 2020's Starting XI - Statistics

General Stats
  • This quiz has been taken 1,501 times
    537 since last reset
  • The average score is 19 of 44
Answer Stats
Player % Correct
Edin Džeko
96%
Dominik Livaković
92%
Dušan Tadić
87%
Enner Valencia
78%
Fred
74%
Kim Min-jae
73%
Youssef En-Nesyri
73%
Sebastian Szymański
69%
Altay Bayındır
63%
Filip Kostić
60%
Bright Osayi-Samuel
56%
Alexander Djiku
55%
Çağlar Söyüncü
55%
Michy Batshuayi
53%
Attila Szalai
50%
Ferdi Kadioglu
49%
Vedat Muriqi
48%
Jayden Oosterwolde
47%
İsmail Yüksek
45%
Mauricio Isla
43%
Mert Müldür
43%
Dimitris Pelkas
40%
İrfan Kahveci
37%
Miha Zajc
36%
Garry Rodrigues
33%
Luiz Gustavo
33%
Diego Rossi
32%
Crespo
31%
Serdar Aziz
31%
Max Kruse
30%
Nabil Dirar
28%
José Sosa
27%
Marcel Tisserand
26%
Samet Akaydın
25%
Serdar Dursun
25%
Willian Arão
24%
Oğuz Aydın
23%
Ozan Tufan
23%
Caner Erkin
21%
Gökhan Gönül
20%
Mame Baba Thiam
19%
Jailson
14%
Lincoln
14%
Tolga Ciğerci
10%
No matching quizzes found
Score Distribution
Percent of People with Each Score
Percentile by Number Answered
Your Score History
You have not taken this quiz since the last reset